El martir del honor (Registro nro. 172990)
[ vista simple ]
| 000 -LEADER | |
|---|---|
| campo de control de longitud fija | 00786nam a2200169 i 4500 |
| 001 - NÚMERO DE CONTROL | |
| campo de control | 172990 |
| 003 - IDENTIFICADOR DE NÚMERO DE CONTROL | |
| campo de control | ES-MaACL |
| 005 - FECHA Y HORA DE LA ÚLTIMA TRANSACCIÓN | |
| campo de control | 20230906215110.0 |
| 008 - DATOS DE LONGITUD FIJA--INFORMACIÓN GENERAL | |
| campo de control de longitud fija | 091002s1868 sp |||| | spa d |
| 080 ## - NÚMERO DE LA CLASIFICACIÓN DECIMAL UNIVERSAL | |
| Número de la Clasificación Decimal Universal | 821.134.2-2"18" |
| 100 1# - ENTRADA PRINCIPAL--NOMBRE DE PERSONA | |
| Nombre de persona | Cansinos, Manuel. |
| 9 (RLIN) | 141431 |
| 245 13 - MENCIÓN DEL TÍTULO | |
| Título | El martir del honor |
| Resto del título | : drama en seis actos / |
| Mención de responsabilidad, etc. | arreglado á la escena española por Manuel Cansinos y Martínez. |
| 260 ## - PUBLICACIÓN, DISTRIBUCIÓN, ETC. | |
| Lugar de publicación, distribución, etc. | Barcelona : |
| Nombre del editor, distribuidor, etc. | [s.n.], |
| Fecha de publicación, distribución, etc. | 1868 ( |
| Fabricante | Est. tip. de Jaime Jepús) |
| 300 ## - DESCRIPCIÓN FÍSICA | |
| Extensión | 64 p. ; |
| Dimensiones | 18 cm. |
| 500 ## - NOTA GENERAL | |
| Nota general | En port.: Representado por primera vez... en el teatro Romea de Barcelona en la noche del 15 de diciembre de 1867. |
| 852 ## - LOCALIZACIÓN | |
| Ubicación | ES-MaACL |
| Número de control de estantería | F-8602(1) |
| condición física | .- Falto de la cub. original |
| -- | .- Enc. en vol. facticio formando parte de la col. facticia "Teatro español moderno", vol. 55 |
| Estatus retirado | Estado de pérdida | Estado de daño | No para préstamo | Colección | Biblioteca de origen | Biblioteca actual | Ubicación en estantería | Fecha de adquisición | Fuente de adquisición | Total de préstamos | Signatura topográfica completa | Código de barras | Visto por última vez | Precio de reemplazo | Tipo de ítem Koha |
|---|---|---|---|---|---|---|---|---|---|---|---|---|---|---|---|
| Libros del s. XIX | Biblioteca del Ateneo de Madrid | Biblioteca del Ateneo de Madrid | Sala Pecera Planta 2 | 02/10/2009 | F-8602(1) | 1181519 | 23/02/2023 | 23/02/2023 | Libro impreso antiguo |
